书目信息 |
| 题名: |
气象站数理统计预报方法
|
|
| 作者: | 谭冠日 编 | |
| 分册: | ||
| 出版信息: | 北京 科学出版社 1978 |
|
| 页数: | 309页 | |
| 开本: | 19cm | |
| 丛书名: | ||
| 单 册: | ||
| 中图分类: | P456 | |
| 科图分类: | ||
| 主题词: | 天气预报--方法 | |
| 电子资源: | ||
| ISBN: | ||
| 000 | 00587nam0 2200217 45 | |
| 001 | 0178005645 | |
| 005 | 20060814155219.25 | |
| 010 | @dCNY1.20 | |
| 091 | @a13031.904 | |
| 100 | @a19950726d1978 em y0chiy0121 ea | |
| 101 | 0 | @achi |
| 102 | @aCN@b110000 | |
| 105 | @ay z 000yy | |
| 200 | 10 | @a气象站数理统计预报方法@Aqi xiang zhan shu li tong ji yu bao fang fa@f谭冠日编@FTan Guan Ri Bian |
| 210 | @a北京@c科学出版社@d1978 | |
| 215 | @a309页@d19cm | |
| 606 | 0 | @a天气预报@x方法 |
| 690 | @aP456@v3 | |
| 701 | 0 | @a谭冠日@4编 |
| 801 | 0 | @aCN@bNLC@c20060814 |
| 905 | @f1@b3465@dP456@e1 | |
| 气象站数理统计预报方法/谭冠日编.-北京:科学出版社,1978 |
| 309页;19cm |
| ISBN :CNY1.20 |
| ● |
| 相关链接 |
|
|
|
|
正题名:气象站数理统计预报方法
索取号:P456/1
 
预约/预借
| 序号 | 登录号 | 条形码 | 馆藏地/架位号 | 状态 | 备注 |
| 1 | 0003465 | 001978113 | 第三借阅区/ [索取号:P456/1] | 在馆 | |
| 2 | 0003466 | 000626709 | 第二样本阅览室/ [索取号:P456/1] | 在馆 | |
| 3 | 0458254 | 204582549 | 密集书库/ [索取号:P456/1] | 在馆 | |
| 4 | 0458255 | 204582558 | 密集书库/ [索取号:P456/1] | 在馆 |